00884nam a2200229 a 450000100060000000300080000600500170001400800410003103500190007204000360009104100080012708200260013510000530016124500990021426000500031330000370036365000360040070000440043694200120048099900170049295201450050972956BD-RjUL20211209082330.0170525s1957 maua d 000 0 eng d a(BD-RjUL)73174 aDLC/ICUcICUdDLCdBD-RjULbeng aeng00223a579.503bSNG 19571 aSnell, Walter H.q(Walter Henry),d1889-921578612aA glossary of mycology /cWalter H. Snell & Esther A. Dick. With illus. by Henry A.C. Jackson. aCambridge :bHarvard University Press,c1957. axxxi, 171 p. :billus. ;c26 cm. 0aMycologyxDictionaries.92157871 aDick, Esther A.,ejoint author.9215788 2ddccBK c72956d72956 00102ddc40718NFICaRUCLbRUCLcReferenced1965-10-11eZeitlingerg48.00l0oR 579.503 SNG 1957r2017-05-25 00:00:00tC-1w2021-12-09yBK